UM Logo

Fully self-powered inductor-less electromagnetic vibration energy harvesting system using auxiliary coils for hysteresis current MPPT control / (Record no. 20134)

MARC details
000 -LEADER
fixed length control field 01070nam a22002297a 4500
005 - DATE AND TIME OF LATEST TRANSACTION
control field 20250904150339.0
008 - FIXED-LENGTH DATA ELEMENTS--GENERAL INFORMATION
fixed length control field 240424b ||||| |||| 00| 0 eng d
082 ## - DEWEY DECIMAL CLASSIFICATION NUMBER
Classification number DPer 621.317 Ie21 November 2022 v. 37 n. 11
100 ## - MAIN ENTRY--PERSONAL NAME
Personal name Xiao, Hongfei.
Relator term author.
9 (RLIN) 56553
245 ## - TITLE STATEMENT
Title Fully self-powered inductor-less electromagnetic vibration energy harvesting system using auxiliary coils for hysteresis current MPPT control /
Statement of responsibility, etc. Hongfei Xiao, Han Peng, Xianchao Liu, and Hanyi Sun.
260 ## - PUBLICATION, DISTRIBUTION, ETC. (IMPRINT)
Place of publication, distribution, etc. New York ;
Name of publisher, distributor, etc. The Institute of Electrical and Electronics Engineers, Inc. ,
Date of publication, distribution, etc. November 2022.
300 ## - PHYSICAL DESCRIPTION
Extent Volume 37, pages 13192-13204 :
Other physical details illustration ;
Dimensions 28 cm.
500 ## - GENERAL NOTE
General note IEEE Transactions on Power Electronics, vol. 37, no. 11, pages 13192-13204, November 2022.
650 #0 - SUBJECT ADDED ENTRY--TOPICAL TERM
Topical term or geographic name as entry element AC–DC converter.
9 (RLIN) 67166
650 #0 - SUBJECT ADDED ENTRY--TOPICAL TERM
Topical term or geographic name as entry element Magnetic hysteresis.
9 (RLIN) 67167
650 #0 - SUBJECT ADDED ENTRY--TOPICAL TERM
Topical term or geographic name as entry element Couplings.
9 (RLIN) 65917
700 ## - ADDED ENTRY--PERSONAL NAME
Personal name Xiao, Hongfei.
Relator term author.
9 (RLIN) 56553
700 ## - ADDED ENTRY--PERSONAL NAME
Personal name Peng, Han.
Relator term author.
9 (RLIN) 56554
700 ## - ADDED ENTRY--PERSONAL NAME
Personal name Liu, Xianchao.
Relator term author.
9 (RLIN) 56555
700 ## - ADDED ENTRY--PERSONAL NAME
Personal name Sun, Hanyi.
Relator term author.
9 (RLIN) 56556
942 ## - ADDED ENTRY ELEMENTS (KOHA)
Source of classification or shelving scheme Dewey Decimal Classification
Koha item type Periodicals
Holdings
Withdrawn status Lost status Source of classification or shelving scheme Damaged status Not for loan Collection code Home library Current library Date acquired Total Checkouts Full call number Date last seen Price effective from Koha item type Public note
    Dewey Decimal Classification     Periodicals UM Digos College - LIC UM Digos College - LIC 04/24/2024   DPer 621.317 Ie21 November 2022 v. 37 n. 11 04/24/2024 04/24/2024 Periodicals Periodical Article